| 000 | 00758nam a2200253 i 4500 | ||
|---|---|---|---|
| 001 | 150542 | ||
| 003 | ES-MaACL | ||
| 005 | 20231223063106.0 | ||
| 007 | t| | ||
| 008 | 071031s1977 sp ||||1| spa d | ||
| 020 | _a84-306-4102-5 | ||
| 080 | _a821.134.2-31"18" | ||
| 100 | 1 |
_aValera, Juan, _d1824-1905 _9112638 |
|
| 245 | 1 | 0 |
_aPepita Jiménez / _cJuan Valera ; introducción de Carmen Martín Gaite. |
| 250 | _a1ª ed. | ||
| 260 |
_aMadrid : _bTaurus, _c1977. |
||
| 300 |
_a188 p. ; _c19 cm. |
||
| 490 | 1 |
_aTemas de España ; _v102 |
|
| 504 | _aBibliografía: p. 27-28. | ||
| 700 | 1 |
_aMartín Gaite, Carmen, _d1925-2000 _977496 |
|
| 830 | 1 |
_aTemas de España ; _v102 _9180759 |
|
| 852 |
_aES-MaACL _jA-8563 |
||
| 999 |
_c150542 _d150542 |
||